| 000 | 004340000a22001810004500 | ||
|---|---|---|---|
| 003 | MACL | ||
| 005 | 20151220154010.0 | ||
| 008 | 151220b xxu||||| |||| 00| 0 eng d | ||
| 040 |
_aMACL _cMACL |
||
| 041 | _aEnglish | ||
| 082 | _a610/WEL | ||
| 100 |
_aWeil, Andrew _921670 |
||
| 245 | _aHealth and Healing | ||
| 260 |
_bWarner Books _c1995 _aU.S.A |
||
| 350 | _a556 | ||
| 650 |
_aMedical Science _921671 |
||
| 942 |
_cBK _k610/WEI _2ddc |
||
| 999 |
_c40249 _d40249 |
||